Statystyki dla Piłkarze Newcastle United

Kliknij tutaj aby rozwiązać quiz!

Ogólne statystyki

  • Ten quiz został rozwiązany 21 razy
  • Średni wynik to 15 z 28

Statystyki odpowiedzi

PiłkarzNarodowośćPozycja% Poprawnych
Alexander IsakSzwecjaNapastnik
94%
Nick PopeAngliaBramkarz
94%
Miguel AlmirónParagwajNapastnik
89%
Fabian SchärSzwajcariaObrońca
83%
Martin DúbravkaSłowacjaBramkarz
83%
Sandro TonaliWłochyPomocnik
83%
Bruno GuimarãesBrazyliaPomocnik
78%
Loris KariusNiemcyBramkarz
78%
Sven BotmanHolandiaObrońca
78%
Callum WilsonAngliaNapastnik
72%
JoelintonBrazyliaPomocnik
72%
Dan BurnAngliaObrońca
61%
Kieran TrippierAngliaObrońca
61%
Anthony GordonAngliaNapastnik
56%
Sean LongstaffAngliaPomocnik
56%
Emil KrafthSzwecjaObrońca
50%
Jacob MurphyAngliaNapastnik
50%
Harvey BarnesAngliaNapastnik
39%
Jamaal LascellesAngliaObrońca
39%
Joe WillockAngliaPomocnik
33%
Lewis HallAngliaObrońca
33%
Tino LivramentoAngliaObrońca
33%
Elliot AndersonSzkocjaPomocnik
28%
Lewis MileyAngliaPomocnik
28%
Matt TargettAngliaObrońca
22%
Paul DummettWaliaObrońca
22%
Mark GillespieAngliaBramkarz
17%
Matt RitchieSzkocjaPomocnik
11%

Rozkład punktacji

Percentyl według liczby udzielonych odpowiedzi

Procent ludzi z każdym wynikiem

Twoja historia wyników

Nie rozwiązałeś tego quizu